Datum a čas kvízu
25
Celkem bodů
Celkový počet nahraných bodů na tomto kvízu bez doplňovacích otázek.
14.
Pořadí na kvízu
Konečné umístění týmu na tomto kvízu.
Zaznamenané odpovědi
| # | Otázka | Odpověď | Body | Výsledky |
|---|---|---|---|---|
| 1. | Nepříjemnou situaci zažil minu... | v Adamově | 0 | |
| 2. | Vláda jednoho ostrovního státu... | o Japonsku | 0 | |
| 3. | V pondělí měl premiéru nový če... | Místo zločinu České Budějovice | 0 | |
| 4. | Členové volební komise dostano... | A | 0 | |
| 5. | Hvězdný portugalský fotbalista... | do Jihoafrické republiky (Jižní Afriky) | 1 | |
| 6. | Podíváme se na pět kandidátů,... | v Maroku | 1 | |
| 7. | Ve které velké evropské zemi b... | ve Francii | 0 | |
| 8. | Které tvrzení o Marku Hilšerov... | B | 1 | |
| 9. | Které tři tituly má před a za... | prof. Ing. Danuše Nerudová, Ph.D. | 0 | |
| 10. | Petr Pavel zastával v letech 2... | předseda vojenského výboru | 0 |